ভারতীয় সংস্কৃতিতে ইসলামের প্রভাব/ (Record no. 18008)
[ view plain ]
| 000 -LEADER | |
|---|---|
| fixed length control field | 01114nam a22002177a 4500 |
| 003 - CONTROL NUMBER IDENTIFIER | |
| control field | BDDh-ASL |
| 005 - DATE AND TIME OF LATEST TRANSACTION | |
| control field | 20231015025653.0 |
| 008 - FIXED-LENGTH DATA ELEMENTS--GENERAL INFORMATION | |
| fixed length control field | 200917s1988 b ||||| b||| 00| 0 b d |
| 040 ## - CATALOGING SOURCE | |
| Original cataloging agency | BDDh-ASL |
| Transcribing agency | BDDh-ASL |
| Modifying agency | BDDh-ASL |
| 041 ## - LANGUAGE CODE | |
| Language code of text/sound track or separate title | bengali |
| 082 ## - DEWEY DECIMAL CLASSIFICATION NUMBER | |
| Classification number | 297.154 |
| Item number | TAB |
| 100 ## - MAIN ENTRY--PERSONAL NAME | |
| 9 (RLIN) | 845 |
| Personal name | তারাচাঁদ |
| 245 #0 - TITLE STATEMENT | |
| Title | ভারতীয় সংস্কৃতিতে ইসলামের প্রভাব/ |
| Statement of responsibility, etc. | তারাচাঁদ; করুণাময় গোস্বামী (অনু.)। |
| 246 ## - VARYING FORM OF TITLE | |
| Title proper/short title | Bharatiya Sanskritite islamer Prabhab. |
| 260 ## - PUBLICATION, DISTRIBUTION, ETC. | |
| Place of publication, distribution, etc. | ঢাকা: |
| Name of publisher, distributor, etc. | বাংলা একাডেমী, |
| Date of publication, distribution, etc. | ১৯৮৮। |
| 300 ## - PHYSICAL DESCRIPTION | |
| Extent | চৌদ্দ, ২৩০ পৃষ্ঠা: |
| Dimensions | ২১ সে. মি.। |
| 504 ## - BIBLIOGRAPHY, ETC. NOTE | |
| Bibliography, etc. note | গ্রন্থপঞ্জি সংযুক্ত। |
| 650 #0 - SUBJECT ADDED ENTRY--TOPICAL TERM | |
| 9 (RLIN) | 847 |
| Topical term or geographic name entry element | ভারতে মুসলমানদে সমাজ সংস্কৃতি |
| General subdivision | ইসলাম ধর্ম |
| -- | ভারতে মুসলমানদের আগমন |
| 700 10 - ADDED ENTRY--PERSONAL NAME | |
| Personal name | গোস্বামী, করুণাময় |
| 9 (RLIN) | 846 |
| 942 ## - ADDED ENTRY ELEMENTS (KOHA) | |
| Source of classification or shelving scheme | Dewey Decimal Classification |
| Koha item type | Books |
| Withdrawn status | Lost status | Source of classification or shelving scheme | Damaged status | Not for loan | Collection code | Home library | Current library | Shelving location | Date acquired | Source of acquisition | Total Checkouts | Full call number | Barcode | Date last seen | Copy number | Price effective from | Koha item type | Public note |
|---|---|---|---|---|---|---|---|---|---|---|---|---|---|---|---|---|---|---|
| Dewey Decimal Classification | Non-fiction | Asiatic Society Library | Asiatic Society Library | General Stacks | 09/17/2020 | Donated by Professor Husniara Huq | 297.154 TAB | 101153 | 09/17/2020 | C-1 | 09/17/2020 | Books | ||||||
| Dewey Decimal Classification | Non-fiction | Asiatic Society Library | Asiatic Society Library | General Stacks | 10/17/2021 | ASB Collection | 297.154 TAB | 112757 | 10/17/2021 | C-2 | 10/17/2021 | Books | RARE | |||||
| Dewey Decimal Classification | Non-fiction | Asiatic Society Library | Asiatic Society Library | General Stacks | 10/17/2021 | ASB Collection | 297.154 TAB | 112758 | 10/17/2021 | C-3 | 10/17/2021 | Books | RARE |